000 00711nam a2200289Ia 4500
005 20260324145044.0
008 008 260324s9999 xx 000 0 eng d
020 _a9780429315503
037 _aEBOOK
040 _aCRL
040 _beng
040 _cCRL
041 _2eng
041 _aeng
084 _qCRL
100 _aLay J Gibson; Alfonso Corona Renteria
_91221590
245 4 _aThe U.s. And Mexico
245 0 _bBorderland Development And The National Economies
260 _bTaylor and Francis
260 _c1985
365 _a
365 _b145
856 _uhttp://www.taylorfrancis.com/books/9780429315503
942 _cEBOOK
999 _c1828977
_d1828977